|
|
|
|
| LEADER |
00000cam a2200000 7i4500 |
| 001 |
0000070249 |
| 005 |
20170502.0 |
| 008 |
170215 |
| 020 |
|
|
|a 9788184993714
|
| 090 |
0 |
0 |
|a JF
|b AD ENG
|
| 245 |
1 |
0 |
|a The shrouded statue and other stories
|
| 260 |
|
|
|a India :
|b Shree book centre ,
|c 2011
|
| 490 |
1 |
|
|a Mostly ghostly stories
|
| 500 |
|
|
|a Children ages 7-9 years old (orange)
|
| 581 |
8 |
0 |
|a Purchase 2016
|
| 650 |
|
0 |
|a Ghostly & mystery,horror stories
|x English
|
| 999 |
|
|
|a 0001437404
|b Book
|c Children Collection
|e Cawangan Batu Pahat
|
| 999 |
|
|
|a 0001437405
|b Book
|c Teenagers
|e Cawangan Bandar Tenggara
|
| 999 |
|
|
|a 0001437406
|b Book
|c Children Collection
|e Cawangan Bandar Penawar
|
| 999 |
|
|
|a 0001437407
|b Book
|c Children Collection
|e Cawangan Pontian
|
| 999 |
|
|
|a 0001437408
|b Book
|c Children Collection
|e Cawangan Tangkak
|
| 999 |
|
|
|a 0001437409
|b Book
|c Children Collection
|e Cawangan Tmn. Ungku Tun Aminah
|
| 999 |
|
|
|a 0001437410
|b Book
|c Children Collection
|e Cawangan Taman Sri Lambak
|
| 999 |
|
|
|a 0001437411
|b Book
|c Children Collection
|e Cawangan Kota Tinggi
|
| 999 |
|
|
|a 0001437412
|b Book
|c Children Collection
|e Cawangan Mersing
|
| 999 |
|
|
|a 0001437413
|b Book
|c Children Collection
|e Cawangan Bukit Gambir
|
| 999 |
|
|
|a 0001437414
|b Book
|c Children Collection
|e Cawangan Segamat
|
| 999 |
|
|
|a 0001437415
|b Book
|c Children Collection
|e Cawangan Muar
|
| 999 |
|
|
|a 0001437416
|b Book
|c Children Collection
|e Cawangan Sri Merlong
|
| 999 |
|
|
|a 0001437417
|b Book
|c Children Collection
|e Cawangan Taman Universiti
|
| 999 |
|
|
|a 0001438511
|b Book
|c Children Collection
|e Perbadanan Perpustakaan Awam Johor
|
| 999 |
|
|
|a 0001438512
|b Book
|c Children Collection
|e Perbadanan Perpustakaan Awam Johor
|
| 999 |
|
|
|a 0001438513
|b Book
|c Children Collection
|e Cawangan AEON Kulaijaya
|
| 999 |
|
|
|a 0001438514
|b Book
|c Children Collection
|e Cawangan Urban Transformation Centre
|